Napoléon-quiz très difficile - Statistics

General Stats
  • This quiz has been taken 12 times
  • The average score is 4 of 6
Answer Stats
Question Answer % Correct
Quelle était la taille de Napoléon 1,68m
90%
Napoléon est née en quelle année. 1769
90%
Sur quelle bataille Napoléon est il mort Aucune
80%
Quelle est la taille de l'empire de Napoléon a son apogée 12 millions de km2
50%
Combien de bataille Napoléon a t'il participé 93
40%
Quelle ont été les pays participants a la 4eme coalition Royaume uni. Prusse. Suède. Russie
20%
No matching quizzes found
Score Distribution
Percent of People with Each Score
Percentile by Number Answered
Your Score History
You have not taken this quiz